Facts by 'A' Country Quiz Stats

 Plays Quiz not verified by Sporcle

Challenge
Share
Tweet
Score 0/33 Timer 10:00
0 Plays Today
% Correct
Andorra
81.4%
Algeria
79.3%
Andorra
78.1%
Austria
75.7%
Afghanistan
75.4%
Austria
75.4%
Andorra
74.4%
Algeria
73.6%
Afghanistan
71.8%
Argentina
66.1%
Armenia
64.2%
Albania
64.2%
Angola
63.8%
Afghanistan
63.5%
Azerbaijan
62.6%
Antigua and Barbuda
60.2%
Austria
59.3%
% Correct
Angola
59.2%
Australia
59%
Argentina
58.5%
Albania
58%
Australia
57.8%
Armenia
56.3%
Algeria
54.3%
Azerbaijan
53.2%
Angola
51.9%
Albania
49.1%
Argentina
46.2%
Australia
41.6%
Armenia
36.5%
Antigua and Barbuda
33.6%
Azerbaijan
31.9%
Antigua and Barbuda
31.8%

You're not logged in!

Compare scores with friends on all Sporcle quizzes.
OR
Log In

You Might Also Like...

Show Comments

Extras

Top Quizzes Today


Score Distribution

Your Account Isn't Verified!

In order to create a playlist on Sporcle, you need to verify the email address you used during registration. Go to your Sporcle Settings to finish the process.

Report this User

Report this user for behavior that violates our Community Guidelines.

Details: